The 80x86 IBM PC & compatible computers volumes I & II : assembly language, design and interfacing
This text covers IBM/IBM compatible microprocessors. It provides an introduction for computer users who need to become expert in the 80X86 family. The reader is guided by the step-wise format through each phase of assembly language programming and hardware aspects of the Intel family.
Saved in:
| Main Author: | |
|---|---|
| Other Authors: | |
| Format: | Book |
| Language: | English |
| Published: |
Englewood Cliffs, NJ
Prentice Hall
1995.
|
| Subjects: | |
| Tags: |
Add Tag
No Tags, Be the first to tag this record!
|
| Call Number : | QA 76.8 .I292 .M37 1995 |
MARC
| LEADER | 00000nam a2200000 a 4500 | ||
|---|---|---|---|
| 001 | 15393 | ||
| 003 | MY-KLNDU | ||
| 005 | 20241218060321.0 | ||
| 008 | s1995 njua i 000 0 eng d | ||
| 020 | |a 0133213994 (acid-free paper) | ||
| 020 | |a 9780133213997 (acid-free paper) | ||
| 039 | 9 | |a 201412081159 |b faiz |c 201408141157 |d shahrim |y 200910081643 |z VLOAD | |
| 040 | |a UPNM | ||
| 090 | |a QA 76.8 .I292 |b .M37 1995 | ||
| 100 | 1 | |a Mazidi, Muhammad Ali | |
| 245 | 1 | 4 | |a The 80x86 IBM PC & compatible computers |b volumes I & II : assembly language, design and interfacing |c Muhammad Ali Mazidi, Janicer Gillispie Mazidi |
| 246 | 3 | 0 | |a 80x86 IBM PC and compatible computers : Assembly languages, design and interfacing |
| 260 | |a Englewood Cliffs, NJ |b Prentice Hall |c 1995. | ||
| 300 | |a xxxvi, 906 p. |b ill. |c 28 cm. | ||
| 500 | |a Includes index. | ||
| 520 | |a This text covers IBM/IBM compatible microprocessors. It provides an introduction for computer users who need to become expert in the 80X86 family. The reader is guided by the step-wise format through each phase of assembly language programming and hardware aspects of the Intel family. | ||
| 650 | 0 | |a Intel 80x86 series microprocessors |x Programming. | |
| 650 | 0 | |a IBM microcomputers |x Programming. | |
| 650 | 0 | |a IBM-compatible computers |x Programming. | |
| 650 | 0 | |a Assembly languages (Electronic computers). | |
| 700 | 1 | |a Mazidi, Janice Gillispie | |
| 999 | |a vtls000015880 |c 15393 |d 15393 | ||


